000 00267nam a2200109Ia 4500
008 220216s9999 xx 000 0 und d
245 0 _aAgricultural tyre market hardly buoyant
260 _bRubber Asia
_c2001
300 _a49-52
650 _aTyre market
942 _cJS
999 _c53964
_d53964